[Event "ch-St Petersburg sf"]
[Site "St Petersburg RUS"]
[Date "2007.02.10"]
[Round "1"]
[White "Rodkin,F"]
[Black "Kryschilovskij,A"]
[Result "0-1"]
[WhiteElo "2171"]
[BlackElo "2339"]

1.d4 g6 2.e4 Bg7 3.Nc3 d6 4.Nf3 Nf6 5.Be2 O-O 6.O-O Nc6 7.d5 Nb8 8.Be3 c6
9.Qd2 Re8 10.Rfe1 Nbd7 11.h3 a6 12.a4 Qc7 13.Bf1 Rb8 14.Ba7 Ra8 15.Be3 cxd5
16.exd5 Ne5 17.Nxe5 dxe5 18.a5 Bf5 19.g4 Bd7 20.Na4 h5 21.g5 Ne4 22.Qb4 Nd6
23.c4 Nf5 24.Bb6 Qb8 25.Bc5 Bxa4 26.Rxa4 Nd4 27.Bxd4 exd4 28.Ra3 Qf4 29.Rg3 Be5
30.Qb3 h4 31.Rg2 Bg7 32.Qxb7 Rab8 33.Qxa6 Rxb2 34.c5 Reb8 35.Qd3 Rd2 36.Qe4 Qxe4
37.Rxe4 d3 38.Re3 Rb1 39.Rg4 Rdd1 40.Kg2 Rxf1 41.Rxd3 Rg1+ 42.Kf3 Rxg4 43.Kxg4 Rb4+
44.Kf3 Kf8 45.Ra3 Ke8 46.a6 Rb8 47.Ke4 Kd7 48.Kd3 Be5 49.Kc4 Ra8 50.Kb5  0-1

[Event "TCh-BEL 2006-7"]
[Site "Belgium BEL"]
[Date "2007.02.11"]
[Round "8"]
[White "Boutens,L"]
[Black "Verduyn,F"]
[Result "0-1"]
[WhiteElo "2213"]
[BlackElo "2237"]

1.e4 g6 2.d4 Bg7 3.Nc3 d6 4.f4 a6 5.Be3 b5 6.Be2 Nd7 7.Nf3 c5 8.dxc5 Bxc3+
9.bxc3 Nxc5 10.Bd4 Nf6 11.e5 Nfe4 12.exd6 O-O 13.dxe7 Qxe7 14.O-O Nxc3 15.Bxc3 Qe3+
16.Kh1 Qxc3 17.Ne5 Bb7 18.Nd3 Ne4 19.f5 Rad8 20.fxg6 fxg6 21.Rxf8+ Rxf8 22.Qe1 Qxc2
23.Rc1 Qxa2 24.Nc5 Nxc5 25.Rxc5 Qf7 26.Kg1 Qf4 27.Rc2 Qe4  0-1

[Event "TCh-BEL 2006-7"]
[Site "Belgium BEL"]
[Date "2007.02.11"]
[Round "8"]
[White "Swinkels,R"]
[Black "Ahn,M"]
[Result "0-1"]
[WhiteElo "2428"]
[BlackElo "2302"]

1.e4 g6 2.d4 Bg7 3.Nc3 d6 4.Be3 c6 5.Qd2 Nd7 6.a4 Qa5 7.Ra3 Nb6 8.Nb1 Qxd2+
9.Nxd2 a5 10.Bd3 f5 11.f3 Nf6 12.Ne2 fxe4 13.fxe4 Ng4 14.Bg1 Bh6 15.Nf1 Kd8
16.h3 Nf6 17.Nd2 Kc7 18.Bh2 Be6 19.b3 Rad8 20.Ra1 Rhf8 21.Rf1 Kc8 22.c4 Nbd7
23.g4 Bg8 24.Nf3 Bg7 25.Rd1 Ne8 26.Bc2 Nc7 27.Kd2 Na6 28.Bb1 Rf7 29.Nfg1 Rdf8
30.Rxf7 Rxf7 31.Ke3 Bh6+ 32.Bf4 Rxf4 33.Nxf4 e5 34.dxe5 dxe5 35.Ne2 Nac5
36.Bc2 Ne6 37.Kf3 exf4 38.h4 Ne5+ 39.Kf2 Nxg4+ 40.Kg2 Ne3+ 41.Kf3 Nxc2 42.Rd2 Ne1+
43.Kf2 f3 44.Rd6 fxe2 45.Kxe1 Bf8  0-1

[Event "US Amateur Team East"]
[Site "Parsippany USA"]
[Date "2007.02.17"]
[Round "2"]
[White "Mirabile,T"]
[Black "Robinson,R"]
[Result "1/2-1/2"]
[WhiteElo "2192"]
[BlackElo "2120"]

1.e4 g6 2.d4 Bg7 3.Nc3 d6 4.f4 a6 5.a4 Nf6 6.Nf3 c5 7.Be2 Nc6 8.e5 Nd7 9.exd6 cxd4
10.dxe7 Qa5 11.Bc4 dxc3 12.b4 Qxb4 13.Bxf7+ Kxf7 14.Ba3 Qc4 15.Ng5+ Ke8 16.Qd6 Qd4
17.Ne6 Qxd6 18.Bxd6 Kf7 19.Ng5+ Kf6 20.O-O-O Nb6 21.Ne4+ Kf5 22.Rhe1 Nc4
23.Ng3+ Kf6 24.e8=Q Rxe8 25.Rxe8 Nxd6 26.Rxd6+ Kf7 27.Re1 Bf6 28.Ne4 Be7
29.Ng5+ Bxg5 30.fxg5 Kg7 31.Re8 Kf7 32.Rh8 Kg7 33.Re8 Kf7 34.Rh8 Kg7  1/2-1/2

[Event "OCF Winter NAO FIDE Op"]
[Site "Stillwater USA"]
[Date "2007.02.17"]
[Round "2"]
[White "Plunkett,R"]
[Black "Latino,C"]
[Result "1-0"]
[WhiteElo "2076"]
[BlackElo "2041"]

1.e4 g6 2.d4 Bg7 3.Nc3 d6 4.f4 Nf6 5.Nf3 O-O 6.Bd3 c5 7.dxc5 dxc5 8.e5 Nd5
9.Nxd5 Qxd5 10.Qe2 Nc6 11.Be4 Qd7 12.Be3 b6 13.Rd1 Qc7 14.Ng5 e6 15.h4 Bb7
16.h5 Ne7 17.hxg6 hxg6 18.Qf3 Bxe4 19.Rh8+  1-0

[Event "Open A"]
[Site "Cannes FRA"]
[Date "2007.02.18"]
[Round "1"]
[White "Gorse,G"]
[Black "Weill,R"]
[Result "0-1"]
[WhiteElo "2054"]
[BlackElo "2261"]

1.d4 d6 2.e4 g6 3.Nc3 Bg7 4.Nf3 Nf6 5.Be2 O-O 6.O-O c6 7.a4 a5 8.Be3 Na6
9.h3 Nb4 10.d5 Bd7 11.Qd2 Rc8 12.Rad1 cxd5 13.exd5 Rxc3 14.bxc3 Ne4 15.Qc1 Nxc3
16.Rd2 Bxa4 17.Bc4 Qc7 18.Bb3 Bb5 19.Re1 a4 20.Qa3 axb3 21.Qxb4 b2 22.Bd4 b1=Q
23.Rxb1 Nxb1 24.Qxb1 Ba6 25.Bxg7 Kxg7 26.Qe1 Rc8 27.Rd4 Qd7 28.Rd2 Rc7 29.Qe3 Qf5
30.Qd4+ Qf6  0-1

[Event "OCF Winter NAO FIDE Op"]
[Site "Stillwater USA"]
[Date "2007.02.18"]
[Round "5"]
[White "Doibani,L"]
[Black "Burnett,R"]
[Result "1/2-1/2"]
[WhiteElo "2178"]
[BlackElo "2388"]

1.e4 g6 2.d4 Bg7 3.Nc3 d6 4.h3 c6 5.a4 Nd7 6.g4 Qb6 7.Nge2 Ngf6 8.Bg2 e5
9.Be3 Qd8 10.Qd2 h5 11.g5 Nh7 12.h4 O-O 13.f4  1/2-1/2

[Event "14th Belisce Metalis Open"]
[Site "Bizovac CRO"]
[Date "2007.02.23"]
[Round "3"]
[White "Martic,Z"]
[Black "Egerc,J"]
[Result "1-0"]
[WhiteElo "2306"]
[BlackElo "2109"]

1.d4 d6 2.e4 g6 3.Nc3 Bg7 4.Bg5 Nd7 5.Qd2 c5 6.d5 a6 7.f4 b5 8.Nf3 Qc7 9.Nd1 Ngf6
10.Nf2 c4 11.c3 Nc5 12.Qc2 Nfd7 13.Be2 Nb6 14.O-O O-O 15.Rad1 Bb7 16.f5 h6
17.Bc1 Kh7 18.fxg6+ fxg6 19.Nh4 Bf6 20.Nxg6 Kxg6 21.e5+ Kg7 22.exf6+ Rxf6
23.Ng4 Nxd5 24.Bxh6+ Rxh6 25.Nxh6 Nf6 26.Nf5+ Kh8 27.Rd4 Be4 28.Qd2 Rg8 29.Ng3 d5
30.Bf3 Rxg3 31.hxg3 Qxg3 32.Qh6+ Kg8 33.Bxe4 dxe4 34.Rd8+ Kf7 35.Qh5+  1-0

[Event "Magistral II"]
[Site "Necochea ARG"]
[Date "2007.02.23"]
[Round "6"]
[White "Leskovar,Mat"]
[Black "Valiente,C"]
[Result "0-1"]
[WhiteElo "2297"]
[BlackElo "2281"]

1.d4 g6 2.e4 Bg7 3.Nc3 d6 4.Nf3 Nf6 5.Bc4 O-O 6.O-O Nxe4 7.Nxe4 d5 8.Bd3 dxe4
9.Bxe4 Nd7 10.Re1 c5 11.c3 cxd4 12.Nxd4 Nc5 13.Bf3 e5 14.Nb3 Nd3 15.Re3 Nxc1
16.Nxc1 Be6 17.Rd3 Qc7 18.Nb3 Rad8 19.Bd5 Bf5 20.Re3 Bh6 21.Re1 Be6 22.c4 b5
23.Qf3 bxc4 24.Bxe6 fxe6 25.Qh3 Kg7 26.Qc3 Rf7 27.Na5 Bd2 28.Qxe5+ Kg8 29.Qxc7 Rxc7
30.Rad1 Bxe1 31.Rxd8+ Kg7 32.Nxc4 Rxc4 33.Rd7+ Kf6 34.Rxa7 Rc2 35.Kf1 Bxf2
36.Ra8 Ke5 37.b4 Bd4 38.b5 Rf2+ 39.Ke1 Rxg2 40.a4 Ke4  0-1

[Event "Masters"]
[Site "Bunratty IRL"]
[Date "2007.02.24"]
[Round "2"]
[White "Mannion,S"]
[Black "Wolferink,F"]
[Result "0-1"]
[WhiteElo "2337"]
[BlackElo "2149"]

1.e4 g6 2.d4 Bg7 3.Nc3 d6 4.f4 a6 5.Nf3 b5 6.Bd3 Bb7 7.e5 e6 8.O-O Ne7 9.a4 b4
10.Ne4 Bxe4 11.Bxe4 d5 12.Bd3 a5 13.Be3 Qc8 14.Rc1 Na6 15.Qe2 c5 16.Bb5+ Kf8
17.c4 bxc3 18.Rxc3 Nf5 19.Rfc1 Bh6 20.g4 Nxe3 21.Qxe3 c4 22.b3 Nb4 23.g5 Bg7
24.Qe2 h6 25.bxc4 Qd8 26.h4 Kg8 27.Qd2 Bf8 28.Kg2 Kg7 29.c5 Be7 30.Nh2 hxg5
31.hxg5 Rh5 32.Ng4 Rh4 33.Nh6 Na2 34.Kg3 Rh5 35.Be2 Nxc3 36.Qxc3 Bxg5 37.Bxh5 gxh5
38.fxg5 Qxg5+ 39.Kh2 Kxh6 40.Rf1 Rg8 41.Qc1 Qxc1 42.Rxc1 Rc8 43.Rb1 Kg5 44.Rg1+ Kf5
45.Rg7  0-1

[Event "Bundesliga 2006-7"]
[Site "Koelln GER"]
[Date "2007.02.24"]
[Round "10"]
[White "Goloshchapov,A"]
[Black "Thiede,L"]
[Result "1-0"]
[WhiteElo "2555"]
[BlackElo "2511"]

1.d4 g6 2.e4 Bg7 3.Nc3 d6 4.Be3 a6 5.g3 Nf6 6.h3 O-O 7.Bg2 e5 8.Nge2 exd4
9.Nxd4 Re8 10.O-O Bd7 11.Qd3 Nc6 12.f4 Qe7 13.Rae1 Rad8 14.Kh2 h5 15.Nf3 Qf8
16.a3 b5 17.b4 Re7 18.Nd5 Nxd5 19.exd5 Nb8 20.Nd4 Rde8 21.Bf2 Rxe1 22.Rxe1 Rxe1
23.Bxe1 Qe8 24.Bf2 c5 25.dxc6 Nxc6 26.Nf3 Qe7 27.Ng5 Bf5 28.Qd5 Nd8 29.c4 Bd7
30.Ne4 bxc4 31.Qxc4 Bb5 32.Qd5 Nb7 33.Bb6 Qd7 34.Ng5  1-0

[Event "TCh-BEL 2006-7"]
[Site "Belgium BEL"]
[Date "2007.02.25"]
[Round "9"]
[White "Dijckmans,B"]
[Black "Verduyn,P"]
[Result "1-0"]
[WhiteElo "2157"]
[BlackElo "2163"]

1.d4 d6 2.e4 g6 3.Nc3 Bg7 4.Be3 c6 5.Qd2 Nd7 6.Nf3 b5 7.Bd3 Bb7 8.O-O Ngf6
9.Bh6 O-O 10.Bxg7 Kxg7 11.e5 Ne8 12.Rfe1 dxe5 13.dxe5 Nc5 14.Rad1 Nxd3 15.Qxd3 Qc7
16.Ne4 a6 17.Nc5 Bc8 18.h3 Kg8 19.e6 f6 20.Nd7 Nd6 21.Nxf8 Kxf8 22.Qe3 Kg7
23.Qc5 Bb7 24.Rd3 Rd8 25.Nd2 Bc8 26.Nb3 Re8 27.Qc3 Qb6 28.Qc5 Qc7 29.Nd4 Bb7
30.Re2 Rc8 31.Nb3 Re8 32.a3 Bc8 33.Qd4 Nf5 34.Qc3 Nd6 35.Nc5 Qb6 36.Nd7 Qc7
37.Nc5 Nc4 38.Rd7 Qb6 39.b4 Nd6 40.Qd4 Nf5 41.Qf4 Nd6 42.Qxd6  1-0

[Event "23rd Open"]
[Site "Cappelle la Grande FRA"]
[Date "2007.03.03"]
[Round "1"]
[White "Landenbergue,C"]
[Black "Gagunashvili,M"]
[Result "1/2-1/2"]
[WhiteElo "2450"]
[BlackElo "2611"]

1.e4 d6 2.d4 g6 3.Nc3 Bg7 4.Be3 c6 5.a4 Nf6 6.h3 O-O 7.Nf3 Qc7 8.Be2 Nbd7
9.O-O b6 10.Nd2 Bb7 11.f4 e5 12.dxe5 dxe5 13.f5 Ne8 14.Qe1 Nd6 15.Nc4 gxf5
16.Nxd6 Qxd6 17.Rd1 Qe7 18.Rxf5 Nc5 19.Qf2 Ne6 20.Bc4 Rad8 21.Rf1 Bc8 22.Rh5 Nf4
23.Bxf4 exf4 24.Qxf4 Kh8 25.Bd3 Bd4+ 26.Kh1 f6 27.Qh4 Be5 28.Ne2 Rg8  1/2-1/2

[Event "TCh-NED 2006-7"]
[Site "Netherlands NED"]
[Date "2007.03.03"]
[Round "6"]
[White "Van Kerkhof,D"]
[Black "Piket,M"]
[Result "1-0"]
[WhiteElo "2193"]
[BlackElo "2334"]

1.e4 g6 2.d4 Bg7 3.Nc3 d6 4.Be3 c6 5.a4 Nf6 6.Qd2 O-O 7.Nf3 Nbd7 8.Bh6 e5
9.O-O-O Qa5 10.h4 b5 11.h5 b4 12.Nb1 Bxh6 13.Qxh6 Ng4 14.Qg5 Ndf6 15.hxg6 fxg6
16.dxe5 dxe5 17.Bc4+ Kg7 18.Rxh7+ Kxh7 19.Rh1+ Kg7 20.Nh4 Qc7 21.Qxg6+ Kh8
22.Nf3+ Nh7 23.Ng5 Nf6 24.Bf7  1-0

[Event "TCh-NED 2006-7"]
[Site "Netherlands NED"]
[Date "2007.03.03"]
[Round "6"]
[White "Van de Oudeweetering,A"]
[Black "Los,S"]
[Result "1-0"]
[WhiteElo "2361"]
[BlackElo "2324"]

1.e4 d6 2.d4 g6 3.Nc3 Bg7 4.f4 a6 5.Nf3 b5 6.Bd3 Nd7 7.O-O c5 8.dxc5 Nxc5
9.Be3 b4 10.Nd5 Bxb2 11.Rb1 Bg7 12.Nxb4 Bb7 13.Nd5 Bxd5 14.exd5 Nf6 15.Bxc5 dxc5
16.c4 Qd6 17.Qa4+ Nd7 18.Rb7 Rd8 19.Ng5 Qf6 20.Be2 h6 21.Nxf7 Kxf7 22.Rxd7 Rxd7
23.Qxd7 Rb8 24.f5 g5 25.Bh5+ Kg8 26.Re1 Qd4+ 27.Kh1 Bf6 28.Qe6+ Kh8 29.Bg6 Qf2
30.d6 Rb2 31.Qe4  1-0

[Event "Interclubes Paulista"]
[Site "Sao Paulo BRA"]
[Date "2007.03.03"]
[Round "5"]
[White "Stamenkovic,Dr"]
[Black "Leitao,R"]
[Result "0-1"]
[WhiteElo "2423"]
[BlackElo "2604"]

1.d4 g6 2.e4 d6 3.Nc3 Bg7 4.Be3 a6 5.a4 Nf6 6.f3 O-O 7.Qd2 Nc6 8.Bc4 Na5
9.Bd3 e5 10.d5 c5 11.dxc6 bxc6 12.Nge2 d5 13.Bc5 Re8 14.O-O Be6 15.b4 Nb7
16.Bf2 Nd6 17.Rfd1 a5 18.exd5 cxd5 19.Nb5 Nf5 20.Bxf5 Bxf5 21.bxa5 d4 22.Ng3 Bd7
23.c3 Qxa5 24.Be1 Bxb5 25.axb5 Qxa1 26.Rxa1 Rxa1 27.Ne4 Nxe4 28.fxe4 Rc8
29.Kf2 Rxc3 30.b6 Rb3 31.Qc2 Rxb6 32.Qc8+ Bf8 33.Qc2 Rba6 34.Qc4 R6a2+ 35.Kg3 Ra3+
36.Kf2 R3a2+ 37.Kg3 Rb2  0-1

[Event "23rd Open"]
[Site "Cappelle la Grande FRA"]
[Date "2007.03.04"]
[Round "2"]
[White "Mamedov,Nid"]
[Black "Buchal,S"]
[Result "1-0"]
[WhiteElo "2549"]
[BlackElo "2393"]

1.e4 g6 2.d4 Bg7 3.Nc3 d6 4.Nf3 Nf6 5.Be2 O-O 6.O-O Bg4 7.h3 Bxf3 8.Bxf3 e5
9.d5 Kh8 10.g3 Ng8 11.h4 f5 12.h5 Bh6 13.hxg6 hxg6 14.exf5 gxf5 15.Kg2 Kg7
16.Rh1 Rf6 17.Rh5 Qf8 18.Qh1 Na6 19.Qh3 Qf7 20.Bg5 Rg6 21.Rh1 Rxg5 22.Rxh6 Kf8
23.Rh8 Rd8 24.Qh6+ Qg7 25.Rxg8+ Kxg8 26.Qe6+ Kf8 27.Rh6 Rd7 28.Bh5  1-0

[Event "I Open"]
[Site "La Laguna ESP"]
[Date "2007.03.05"]
[Round "1"]
[White "Hernandez Rios,I"]
[Black "Spasov,V"]
[Result "0-1"]
[WhiteElo "1941"]
[BlackElo "2588"]

1.e4 d6 2.d4 g6 3.Nc3 Bg7 4.f4 a6 5.Nf3 b5 6.Bd3 Bb7 7.Be3 Nd7 8.O-O c5 9.dxc5 Nxc5
10.Bxc5 dxc5 11.e5 f5 12.a4 Qb6 13.Kh1 c4 14.Be2 Rd8 15.Qe1 Nh6 16.h3 Nf7
17.b3 b4 18.a5 Qe3 19.Na4 Qxf4 20.Bxc4 Nxe5 21.Nxe5 Qxe5 22.Qf2 Qd4 23.Qe2 Qh4
24.Rae1 Qxh3+ 25.Kg1 Bd4+ 26.Rf2  0-1

[Event "I Open"]
[Site "La Laguna ESP"]
[Date "2007.03.08"]
[Round "5"]
[White "Hernandez Rios,I"]
[Black "Hidalgo Santana,F"]
[Result "1-0"]
[WhiteElo "1941"]
[BlackElo "2217"]

1.e4 g6 2.d4 Bg7 3.Nc3 d6 4.f4 Nf6 5.Nf3 O-O 6.e5 Nfd7 7.h4 c5 8.h5 cxd4
9.hxg6 hxg6 10.Qxd4 Qb6 11.Nd5 Nc6 12.Qd3 Qd8 13.e6 Nc5 14.exf7+ Rxf7 15.Qxg6 Bf5
16.Qh5 Ne4 17.Bc4 e6 18.Ne3 Ng3 19.Qg5 Nxh1 20.Nxf5 exf5 21.Bxf7+ Kxf7 22.Qxf5+ Kg8
23.Qh3 Qe7+ 24.Kf1 Re8 25.Kg1 Qe2 26.Kxh1 Re6 27.f5 Qf1+ 28.Kh2 Re2 29.Qg4 Kf8
30.f6  1-0

[Event "TCh-NOR 2006-7"]
[Site "Oslo NOR"]
[Date "2007.03.09"]
[Round "7"]
[White "Kolas,T"]
[Black "Adnoy,H"]
[Result "1-0"]
[WhiteElo "2218"]
[BlackElo "2294"]

1.e4 g6 2.d4 Bg7 3.Nc3 d6 4.Be3 a6 5.Qd2 Nd7 6.f4 b5 7.Nf3 Bb7 8.a3 Rc8 9.Be2 c5
10.O-O cxd4 11.Bxd4 Bxd4+ 12.Nxd4 Ngf6 13.Qe3 Qb6 14.e5 dxe5 15.fxe5 Nd5
16.Nxd5 Bxd5 17.Bg4 e6 18.c3 O-O 19.Rae1 a5 20.Qh6 b4 21.axb4 axb4 22.Re3 bxc3
23.Rh3 Qxd4+ 24.Rf2 Qxf2+ 25.Kxf2 Rfd8 26.Qxh7+ Kf8 27.bxc3 Rc4 28.Bf3 Ke7
29.Qh6 Nc5 30.Qg5+ Kd7 31.Rh7 Rf8 32.Qxg6 Rf4 33.Qh6 Rg8 34.Qxf4 Nd3+ 35.Ke3 Nxf4
36.Rxf7+ Kc6 37.Rxf4 Bxf3 38.Kxf3 Kd5 39.c4+ Kxe5 40.Re4+ Kf5 41.Rf4+ Ke5
42.g3 Ra8 43.h4 Rh8 44.Rg4 Ra8 45.Re4+ Kf6 46.c5  1-0

[Event "1st Quality Rapid"]
[Site "Edinburgh SCO"]
[Date "2007.03.10"]
[Round "1.7"]
[White "Brunello,S"]
[Black "McNab,C"]
[Result "1-0"]
[WhiteElo "2468"]
[BlackElo "2428"]

1.e4 g6 2.d4 Bg7 3.Nc3 d6 4.Be3 Nf6 5.Qd2 c6 6.Bh6 Bxh6 7.Qxh6 Qa5 8.Bd3 c5
9.Ne2 cxd4 10.Nxd4 Nc6 11.Nb3 Qb6 12.O-O Be6 13.a4 Ne5 14.Bb5+ Bd7 15.a5 Qc7
16.Bxd7+ Qxd7 17.a6 b6 18.h3 Nc4 19.Ra2 Qc6 20.Nd4 Qc5 21.Nb3 Qc8 22.Re1 Nxb2
23.Nd5 Nxd5 24.exd5 Qc3 25.Re3 Qf6 26.Rf3 Qe5 27.Re3 Qf6 28.Nd2 Rc8 29.Ne4 Qe5
30.Nc3 Qf6 31.Ne4 Qe5 32.Rxb2 Qxb2 33.Nxd6+ Kd7 34.Nxc8 Rxc8 35.Qg5 f6 36.Qg4+ f5
37.Qh4 Re8 38.Qa4+ b5 39.Qf4 Qa1+ 40.Kh2 Qxa6 41.Qd4 Qb6 42.Qd3 a6 43.Re6 Qc7+
44.g3 Rc8 45.Qe3 Kd8 46.d6 Qc5 47.Qd2 exd6 48.Rxd6+ Kc7 49.Rxa6 Rd8 50.Qf4+ Kb7
51.Re6 Rd4 52.Qf3+ Kc7 53.Qe2 Rd7 54.Re5 Rd5 55.Re7+ Rd7 56.Re3 Rd5 57.Re7+ Kb6
58.Re6+ Rd6 59.Re8 Rc6 60.Rb8+ Kc7 61.Rxb5 Qxc2 62.Re5 Qxe2 63.Rxe2 Kd7 64.h4 Re6
65.Ra2 Re7  1-0

[Event "1st Quality Rapid"]
[Site "Edinburgh SCO"]
[Date "2007.03.10"]
[Round "1.6"]
[White "Brunello,S"]
[Black "McNab,C"]
[Result "0-1"]
[WhiteElo "2468"]
[BlackElo "2428"]

1.e4 d6 2.d4 g6 3.Nc3 Bg7 4.Be3 c6 5.Qd2 Nf6 6.Bh6 Bxh6 7.Qxh6 Qa5 8.Bd3 c5
9.dxc5 Qxc5 10.h3 Nc6 11.Nge2 Be6 12.O-O O-O-O 13.a3 g5 14.b4 Qe5 15.b5 Nd4
16.Nxd4 Qxd4 17.Ne2 Qc5 18.h4 Rhg8 19.hxg5 Rxg5 20.Nf4 Rdg8 21.Kh1 Qe5 22.g3 Nh5
23.Ne2 Qc5 24.Kh2 Nf6 25.f3 Rh5+ 26.Qxh5 Qxh5+ 27.Kg1 Bh3 28.Rf2 Nd7 29.Nf4 Qh6
30.Kh2 Be6+ 31.Kg2 Qg7 32.Nxe6 Qxa1 33.Nf4 Ne5 34.Bf1 Qxa3 35.Ne2 a5 36.bxa6 bxa6
37.Nf4 a5 38.Nd5 Kd8 39.c4 Qc5 40.Rb2 Nc6 41.Be2 h5 42.Rb5 Qd4 43.Kf1 Rxg3  0-1

[Event "TCh-FIN 2006-7"]
[Site "Helsinki FIN"]
[Date "2007.03.10"]
[Round "8"]
[White "Parkkinen,J"]
[Black "Ristoja,J"]
[Result "1/2-1/2"]
[WhiteElo "2253"]
[BlackElo "2292"]

1.d4 d6 2.e4 g6 3.Nc3 Bg7 4.Nf3 a6 5.a4 Nf6 6.h3 O-O 7.Bf4 c5 8.dxc5 Qa5
9.Bd3 Qxc5 10.O-O Nc6 11.Qc1 d5 12.Nxd5 Nxd5 13.exd5 Qxd5 14.Bh6 Bxh3 15.Bxg7 Kxg7
16.Qf4 Bf5 17.Bxf5 Qxf5 18.Qxf5 gxf5 19.Rfe1 e6 20.Ra3 Rac8 21.c3 Rfd8 22.Rb3 Rc7
23.Rb6 Na5 24.Ne5 Kf6 25.f4 Nc4 26.Rb4 Nxe5 27.Rxe5 Rd2 28.Kf1 Ke7 29.Re2 Rd1+
30.Re1 Rd2 31.Re2 Rd1+ 32.Re1 Rd5 33.Re3 b5 34.axb5 axb5 35.Rh3 Rc4 36.Rxc4 bxc4
37.Ke2 Rb5 38.Ke3 Rxb2 39.g3 Rg2 40.Kd4 Kd6 41.Kxc4 f6 42.Kd4 Rg1 43.Ke3 Rg2
44.Kf3 Rc2 45.Rxh7 Rxc3+ 46.Kf2 Rc7 47.Rh6 Rf7 48.Rg6 Kd5 49.Ke3 Kd6 50.Kf3 Ke7
51.Rg8 Rh7 52.Rc8 Kf7 53.Rb8 Rh1 54.Kf2 e5 55.Rb5 Rh2+  1/2-1/2

[Event "I Open"]
[Site "La Laguna ESP"]
[Date "2007.03.10"]
[Round "7"]
[White "Jones,G"]
[Black "Movsziszian,K"]
[Result "1-0"]
[WhiteElo "2509"]
[BlackElo "2445"]

1.e4 d6 2.d4 g6 3.Nc3 Bg7 4.Be3 c6 5.f4 b5 6.a3 Nf6 7.Nf3 O-O 8.Bd3 Nbd7
9.e5 Ng4 10.Qe2 Nb6 11.Bd2 Nh6 12.h3 f5 13.e6 Rf6 14.d5 cxd5 15.Nd4 a6 16.g4 Rf8
17.Be3 Nc4 18.g5 Nxe3 19.Qxe3 Qb6 20.Nce2 Nf7 21.exf7+ Rxf7 22.Nxf5 Qxe3
23.Nxe3 Bxb2 24.Ra2 Bg7 25.c3 Bb7 26.Rf1 Rc8 27.Kf2 e6 28.a4 Bxc3 29.Nxc3 d4
30.Ncd1 dxe3+ 31.Nxe3 b4 32.Rb2 a5 33.Nc4 Ba6 34.Nxa5 Ra7 35.Bxa6 Rxa6 36.Nb3 Rxa4
37.Rc1 Rxc1 38.Nxc1 e5 39.fxe5 dxe5 40.Ke3 h6 41.Nd3 b3 42.Rxb3 Rh4 43.Nf2 Kf7
44.gxh6 Ke6 45.h7 Rxh7 46.Ke4 Kf6 47.Ng4+ Kg5 48.Nxe5 Rh4+ 49.Ng4 Rh8 50.Nf2 Rf8
51.Rg3+ Kh5 52.Ke3 Rf7 53.Ke2 Rf8 54.Kf1 Ra8 55.Kg2 Ra2 56.Rd3 g5 57.Kg3 Ra1
58.Ng4 Rg1+ 59.Kh2 Ra1 60.Ne5 Re1 61.Nf3  1-0

[Event "TCh-AUT 2006-7"]
[Site "Mattersburg AUT"]
[Date "2007.03.10"]
[Round "10"]
[White "Ragger,M"]
[Black "Ftacnik,L"]
[Result "1/2-1/2"]
[WhiteElo "2487"]
[BlackElo "2582"]

1.e4 g6 2.d4 Bg7 3.Nc3 d6 4.Nf3 Nf6 5.h3 O-O 6.Be3 a6 7.Bd3 Nc6 8.Qd2 e5
9.dxe5 Nxe5 10.Nxe5 dxe5 11.O-O-O Be6 12.g4 b5 13.f3 Qe7 14.Qf2 Rfd8 15.h4 Rac8
16.Bc5 Qe8 17.h5 Bh6+ 18.Be3 Bxe3+ 19.Qxe3 b4 20.Ne2 c5 21.c4 Rd6 22.Qg5 Qd8
23.hxg6 fxg6 24.Qxe5 Rcc6 25.Bc2 Bxc4 26.Nf4 Bxa2 27.Qg5 b3 28.e5 bxc2 29.Rxd6 Rxd6
30.exd6 Qxd6 31.Kxc2 Qc6 32.Qe5 Qxf3 33.Qb8+ Kg7 34.Qc7+ Kg8 35.Qd8+ Kf7
36.Qc7+ Kg8 37.Qb8+ Kg7 38.Re1 Bf7 39.g5 Nd7 40.Qd6 Qb3+ 41.Kb1 Qa2+ 42.Kc2 Qb3+
43.Kc1 Qc4+ 44.Kd2 Qb4+ 45.Ke2 Qxb2+ 46.Kf1 Qd4 47.Qxd4+ cxd4 48.Re7 Nf8
49.Ke2 a5 50.Kd3 a4 51.Ra7 a3 52.Rxa3 h6 53.gxh6+ Kxh6 54.Ra6 Kg5 55.Kxd4 Kxf4
56.Rf6+ Kg4 57.Rxf7 Ne6+ 58.Ke5 Ng5 59.Rf6 Nf3+ 60.Ke4 Nh4 61.Rf1 Kg3 62.Rg1+ Ng2
63.Ke5 g5 64.Kf5 g4 65.Rxg2+  1/2-1/2

[Event "ch-TUR"]
[Site "Ankara TUR"]
[Date "2007.03.11"]
[Round "11"]
[White "Erdogdu,M"]
[Black "Bayram,Y"]
[Result "1/2-1/2"]
[WhiteElo "2409"]
[BlackElo "2285"]

1.e4 d6 2.d4 g6 3.Nc3 Bg7 4.Be3 Nf6 5.h3 O-O 6.Nf3 Nc6 7.d5 Ne5 8.Be2 Nxf3+
9.Bxf3 Nd7 10.O-O c5 11.Qd2 a6 12.a4 Rb8 13.Be2 Nf6 14.a5 b5 15.axb6 Rxb6
16.b3 Rb4 17.Bc4 Bd7 18.Rxa6 Nh5 19.Bh6 f5 20.exf5 Bxf5 21.Bxg7 Kxg7 22.Ra7 Bc8
23.Re1 Rf7 24.Nb5 Bd7 25.Nc7 Nf4 26.Re4 g5 27.Qc3+ Kg8 28.Na6 Bf5 29.Re3 Rb6
30.Qa5 Bc8 31.Ra8 Rf8 32.Rxc8 Qxc8 33.Qxb6 Qf5 34.Rf3 Nxh3+ 35.Kh2 Qe5+ 36.Kxh3 g4+
37.Kxg4 Qg7+ 38.Kh3 Qh6+ 39.Kg3 Qg5+ 40.Kh2 Rxf3 41.gxf3 Qh5+ 42.Kg2 Qg5+
43.Kf1 Qc1+ 44.Ke2 Qxc2+ 45.Ke3 Qc1+ 46.Ke4 Qe1+ 47.Kd3 Qd1+ 48.Kc3 Qc1+
49.Kd3  1/2-1/2

[Event "FSIM March"]
[Site "Budapest HUN"]
[Date "2007.03.11"]
[Round "9"]
[White "Vitoux,C"]
[Black "Kahn,E"]
[Result "1-0"]
[WhiteElo "2317"]
[BlackElo "2293"]

1.e4 d6 2.d4 g6 3.Nc3 Bg7 4.Bc4 Nc6 5.Nf3 Nf6 6.d5 Na5 7.Be2 c5 8.O-O O-O
9.a3 a6 10.b4 cxb4 11.axb4 Nxe4 12.Nxe4 Bxa1 13.Bh6 Bg7 14.Bxg7 Kxg7 15.Qa1+ Kg8
16.bxa5 Bf5 17.Nfd2 b6 18.axb6 Qxb6 19.Rb1 Qc7 20.c4 a5 21.c5 f6 22.Rc1 Qd8
23.c6 a4 24.Nc3 Qa5 25.g4 Bc8 26.Rb1 Ba6 27.Bb5 Bxb5 28.Rxb5 Qa7 29.Rb4 a3
30.Ra4 Qb6 31.Rxa3 Rxa3 32.Qxa3 Qd4 33.Nde4 f5 34.gxf5 gxf5 35.Ng3 f4 36.Nge4 Kh8
37.Qa6 Qg7+ 38.Kf1 Qg4 39.Qa7 Qh3+ 40.Ke2 f3+ 41.Ke1 Qh4 42.Qd4+ Kg8 43.Qe3 Qxh2
44.Qg5+ Kf7 45.Qf5+ Kg8 46.Qg4+ Kh8 47.c7 Qh6 48.Ng5 Qh1+ 49.Kd2 Qf1 50.Nf7+  1-0

[Event "Victor Ciocaltea Mem"]
[Site "Bucharest ROM"]
[Date "2007.03.14"]
[Round "8"]
[White "Lupulescu,C"]
[Black "Barnaure,V"]
[Result "1-0"]
[WhiteElo "2566"]
[BlackElo "2433"]

1.e4 g6 2.d4 Bg7 3.Nc3 d6 4.Be3 a6 5.Qd2 b5 6.f3 Nd7 7.a4 b4 8.Nd1 c5 9.c3 bxc3
10.bxc3 Ngf6 11.Bd3 O-O 12.Ne2 Qc7 13.O-O e5 14.Qa2 d5 15.exd5 Bb7 16.Be4 exd4
17.cxd4 cxd4 18.Bxd4 Rae8 19.Nf2 Bxd5 20.Bxd5 Nxd5 21.Qxd5 Rxe2 22.Rac1 Nb6
23.Qg5 Qa7 24.Bc5 Re5 25.Qg4 Rxc5 26.Rxc5 Nxa4 27.Rc8 Bd4 28.Kh1 Nc3 29.Rxf8+ Kxf8
30.Ne4 Nxe4 31.Qxe4 a5 32.Rd1 Bf6 33.Qa4 Qc5 34.Rf1 h5 35.g3 Kg7 36.Kg2 Bc3
37.Rc1 Qe3 38.Qc2 Bd4 39.Rd1 a4 40.Qd2 Qxd2+ 41.Rxd2 Bc5 42.Rd5 Be7 43.Rd7 Bc5
44.Rd5 Be7 45.g4 hxg4 46.fxg4 a3 47.Ra5 Bb4 48.Ra6 g5 49.Kf3 f6 50.Ke4 Kg6
51.Kd5 Kf7 52.Ra7+ Kg6 53.Ke6 Bc5 54.Ra5 Bb4 55.Ra4 Bc5 56.Ra8 Bg1 57.h3 Bc5
58.Rg8+ Kh7 59.Kf7 Bd4 60.Ra8 Bb2 61.Ra4 Kh6 62.Ra6 Kh7 63.Ra8  1-0

[Event "60th ch-RUS sf Urals"]
[Site "Nizhnij Tagil RUS"]
[Date "2007.03.14"]
[Round "1"]
[White "Lobov,D"]
[Black "Erushev,G"]
[Result "1/2-1/2"]
[WhiteElo "2152"]
[BlackElo "2443"]

1.e4 g6 2.d4 Bg7 3.Nc3 d6 4.Be3 c6 5.Qd2 Nd7 6.O-O-O b5 7.f4 Nb6 8.Nf3 Rb8
9.b3 Nf6 10.Bd3 a5 11.f5 b4 12.Ne2 gxf5 13.exf5 Ng4 14.h3 Nxe3 15.Qxe3 Nd5
16.Qg5 Kf8 17.Qd2 a4 18.g4 Qa5 19.Kb1 Ra8 20.Rh2 h5 21.g5 Nc3+ 22.Nxc3 bxc3
23.Qf4 Qb4 24.Re2 Qa3 25.Qc1 Qxc1+ 26.Rxc1 axb3 27.cxb3  1/2-1/2

[Event "56th ch-BUL w"]
[Site "Pernik BUL"]
[Date "2007.03.15"]
[Round "6"]
[White "Stefanova,M"]
[Black "Voiska,M"]
[Result "1/2-1/2"]
[WhiteElo "2034"]
[BlackElo "2319"]

1.e4 g6 2.d4 Bg7 3.Nc3 d6 4.Be3 Nd7 5.Qd2 a6 6.Bc4 h6 7.f3 e6 8.a4 d5 9.exd5 Nb6
10.Bd3 Nxd5 11.Nxd5 exd5 12.Ne2 Ne7 13.Ng3 Be6 14.O-O h5 15.Rfe1 h4 16.Ne2 Qd7
17.c3 Bf5 18.Bg5 f6 19.Nf4 O-O-O 20.Bxh4 Rde8 21.Bg3 g5 22.Bxf5 Nxf5 23.Nd3 Nxg3
24.hxg3 Rxe1+ 25.Rxe1 Bf8 26.Qe3 Bd6 27.Kf2 Qh7 28.f4 Kb8 29.Ke2 Qg6 30.Kd2 gxf4
31.Nxf4 Qg5 32.Rf1 Rg8 33.Rf2 c6 34.Rf3 Bxf4 35.Qxf4+ Qxf4+ 36.Rxf4 Rxg3
37.Rf2 Kc7 38.Ke1 Kb6 39.Kf1 Rg6 40.b3 c5 41.dxc5+ Kxc5 42.Rf4 Kd6 43.Kf2 Ke5  1/2-1/2

[Event "ch-POL w"]
[Site "Barlinek POL"]
[Date "2007.03.17"]
[Round "10"]
[White "Przezdziecka,E"]
[Black "Szczepkowska,K"]
[Result "0-1"]
[WhiteElo "2133"]
[BlackElo "2331"]

1.d4 d6 2.e4 g6 3.Nc3 Bg7 4.f4 a6 5.Nf3 b5 6.e5 e6 7.Bd3 Bb7 8.a4 b4 9.Ne4 Ne7
10.c3 Nbc6 11.O-O O-O 12.g4 f5 13.exf6 Bxf6 14.Nfg5 Bc8 15.Nxf6+ Rxf6 16.Qe1 Qf8
17.Qh4 Qg7 18.Nxh7 Rf7 19.Ng5 Rf8 20.Bd2 Bd7 21.Rae1 Nd8 22.Bc4 d5 23.Bd3 bxc3
24.bxc3 a5 25.Rf2 Rb8 26.c4 Rb3 27.Bc2 Rb7 28.Bxa5 dxc4 29.Be4 Nd5 30.Bxd5 exd5
31.h3 Nc6 32.Bc3 Rb3 33.Re3 Qh8 34.Qg3 Nxd4 35.Bxd4 Qxd4 36.Rxb3 cxb3 37.Qxb3 Rxf4
38.Qb8+ Kg7 39.Qb2 Qxb2 40.Rxb2 Kh6 41.h4 Rxg4+ 42.Kf2 Rxh4 43.Nf3 Rxa4 44.Rc2 Rc4
45.Rd2 Be6 46.Nd4 Bf7 47.Ke3 c5 48.Nb5 Rh4 49.Rf2 Rb4 50.Nc7 Kg7 51.Rd2 Rb7
52.Na6 Rb3+ 53.Kf4 c4 54.Ke5 Re3+ 55.Kd4 Re4+ 56.Kc5 c3 57.Rc2 Rc4+ 58.Kd6 d4
59.Nc5 d3  0-1